| 000 | 00400nam a22001457a 4500 | ||
|---|---|---|---|
| 003 | OSt | ||
| 005 | 20251021095825.0 | ||
| 008 | 251021b |||||||| |||| 00| 0 eng d | ||
| 020 | _a9789966345233 | ||
| 040 | _cMORAN EA PUBLISHERS LTD | ||
| 050 | _aPR 9387.9 .F85 2016 | ||
| 245 |
_aMAGIC, MYSTERY AND MISTER PRINCE _cFULANI, DAN |
||
| 260 |
_aKENYA _bMORAN E.A PUBLISHERS LTD _c2012 |
||
| 942 |
_2lcc _cBK _n0 |
||
| 999 |
_c9669 _d9669 |
||